La Cuisine française (QCM) - Statistiques

Statistiques générales
  • Ce quiz a été pris 4 294 fois
  • Le résultat moyen est 15 sur 20
Statistiques - réponses
Question Réponse % Correct
De quel animal est tiré le magret? Canard
93%
Quel ingrédient entre dans la composition de la quiche lorraine traditionnelle? Des lardons
91%
Quel fruit est l'ingrédient base de la frangipane et du financier? L'amande
91%
Quel fromage met-on traditionnellement dans la tartiflette? Du reblochon
90%
Avec quel type de pâte réalise-t-on généralement les éclairs au chocolat? Pâte à choux
90%
À partir de quel poisson cuisine-t-on la brandade? Morue
86%
Quel ingrédient retrouve-t-on généralement dans la bouillabaisse? Du poisson
85%
D'où est originaire la bouillabaisse? Marseille
84%
Dans quelle région le piment d'Espelette est-il cultivé? Pays Basque
83%
Quelle pâtisserie n'est pas d'origine française? Carac
82%
Quel fromage n'est pas français? Gruyère
77%
Quelle spécialité n'est pas alsacienne? Le cassoulet
76%
D'où est originaire le camembert? De Normandie
74%
Où peut-on trouver des restaurants nommés "bouchons"? Lyon
70%
Quelle sauce n'est pas française? Andalouse
68%
Dans quelle ville les tripes sont une spécialité culinaire depuis le Moyen-Âge? Caen
61%
Quel fromage est parisien (ou d' Île-de-France)? Le brie
60%
Quelle ville a lié son nom à celui de la ratatouille? Nice
52%
Où peut-on goûter à une fricassée d'iguane? En Guyane
49%
Quelle viennoiserie est d'origine française? Le chausson aux pommes
31%
Aucun quiz correspondant
Distribution des résultats
% des personnes avec chaque résultat
Percentile par nombre de réponses
Votre historique - résultats
Vous n’avez pas pris ce quiz